Plastika pod tlakom bánk našla rezervy

Ozdravovanie podniku Plastika, a.s. Nitra v r. 2001. Ozdravenie podniku bolo podmienkou bánk na poskytnutie nového prevádzkového úveru. Reštrukturalizačný program zahŕňal aj analýzu nákladov. Zvýšenie produktivity práce, zníženie nákladov. Získaný úver zabezpečil firme plynulý obeh prevádzkového kap...

Ausführliche Beschreibung

Gespeichert in:
Bibliographische Detailangaben
1. Verfasser: Kremský, Peter
Format: Buchkapitel
Sprache:Slowakisch
Schlagworte:
Tags: Tag hinzufügen
Keine Tags, Fügen Sie das erste Tag hinzu!

MARC

LEADER 00000naa a2200000 4500
001 r044044
005 20230921113230.0
041 0 |a slo 
044 |a SK 
245 1 0 |a Plastika pod tlakom bánk našla rezervy  |c Peter Kremský 
520 |a Ozdravovanie podniku Plastika, a.s. Nitra v r. 2001. Ozdravenie podniku bolo podmienkou bánk na poskytnutie nového prevádzkového úveru. Reštrukturalizačný program zahŕňal aj analýzu nákladov. Zvýšenie produktivity práce, zníženie nákladov. Získaný úver zabezpečil firme plynulý obeh prevádzkového kapitálu, nákup surovín a platby dodávateľom. Pripravuje sa rozdelenie Plastiky na viacero firiem podľa predmetu výroby. Hospodárenie firmy. 
610 2 0 |a hospodárenie finančné 
610 2 0 |a hospodárenie podnikové 
610 2 0 |a reštrukturalizácia 
610 2 0 |a oživenie 
610 2 0 |a úver prevádzkový 
610 2 0 |a produktivita práce 
610 2 0 |a znižovanie nákladov 
610 2 0 |a Plastika, a.s. Nitra 
100 1 |a Kremský, Peter